Top 15 Greatest MLB Pitchers of All time - Statistics

General Stats
  • This quiz has been taken 71 times
  • The average score is 8 of 15
Answer Stats
Rank Fastest Pitch Position Answer % Correct
1 108.1 mph Starting Nolan Ryan
95%
2 102 mph Starting Randy Johnson
77%
7 91 mph Starting Walter Johnson
73%
11 96 mph Closer/Relief Mariano Rivera
70%
5 97 mph Starting Pedro Martinez
59%
14 105.8 mph Closer/Relief Aroldis Chapman
57%
4 93 mph Starting Greg Maddux
55%
3 90 mph Starting Sandy Koufax
54%
10 91.6 mph Starting Clayton Kershaw
45%
6 95 mph Starting Bob Gibson
41%
9 95 mph Starting cy Young
39%
12 95 mph Closer/Relief Trevor Hoffman
38%
15 90 mph Closer/Relief Dennis Eckersley
32%
13 95 mph Closer/Relief Lee Smith
25%
8 105 mph Starting Satchel Paige
11%
No matching quizzes found
Score Distribution
Percent of People with Each Score
Percentile by Number Answered
Your Score History
You have not taken this quiz